000 00714nam a22002177a 4500
999 _c3984
_d3984
003 AR-CdUCM
008 190307b ||||| |||| 00| 0 spa d
020 _a9972-623-05-X
040 _aMUNICIPALIDAD PROVINCIAL DEL CUSCO
_cBIBLIOTECA MUNICIPAL DEL CUSCO
082 _a869.56 /
_bT27
100 _aTaylor, Gerald
_92028
245 _aLa tradición oral quechua de Chachapoyas /
260 _aLima :
_bIFEA,
_c1996.
300 _a124 páginas ;
_bImagenes.
_c20 cm.
505 _aContenido: Relatos quechuas de la provincia de Luya -- Relatos quechuas de Chachapoyas.
650 _aTradición oral
_92031
650 _aCuentos peruanos
_97
650 _aChachapoyas
_95646
942 _2ddc
_cLIBROS
945 _aafb